<?xml version="1.0" encoding="UTF-8"?>
<marc:record xmlns:marc="http://www.loc.gov/MARC21/slim">
   <marc:leader>00000nam a2200000 a 4500</marc:leader>
   <marc:datafield ind1="1" ind2=" " tag="100">
      <marc:subfield code="a">Disney, Walt</marc:subfield>
      <marc:subfield code="4">aut</marc:subfield>
      <marc:subfield code="e">Verfasser/-in</marc:subfield>
   </marc:datafield>
   <marc:datafield ind1=" " ind2=" " tag="653">
      <marc:subfield code="a">Disney Klassiker</marc:subfield>
   </marc:datafield>
   <marc:datafield ind1=" " ind2=" " tag="653">
      <marc:subfield code="a">Disney Die schönsten Geschichten</marc:subfield>
   </marc:datafield>
   <marc:datafield ind1=" " ind2=" " tag="653">
      <marc:subfield code="a">Vorlesebuch</marc:subfield>
   </marc:datafield>
   <marc:datafield ind1=" " ind2=" " tag="653">
      <marc:subfield code="a">Geschenk Familie</marc:subfield>
   </marc:datafield>
   <marc:datafield ind1=" " ind2=" " tag="653">
      <marc:subfield code="a">Vorlesebuch Familie</marc:subfield>
   </marc:datafield>
   <marc:datafield ind1=" " ind2=" " tag="653">
      <marc:subfield code="a">Familienbuch</marc:subfield>
   </marc:datafield>
   <marc:datafield ind1=" " ind2=" " tag="653">
      <marc:subfield code="a">Sammelband Familie</marc:subfield>
   </marc:datafield>
   <marc:datafield ind1=" " ind2=" " tag="653">
      <marc:subfield code="a">Disney Buch Familie</marc:subfield>
   </marc:datafield>
   <marc:datafield ind1=" " ind2=" " tag="653">
      <marc:subfield code="a">Disney Vorlesebuch</marc:subfield>
   </marc:datafield>
   <marc:datafield ind1=" " ind2=" " tag="653">
      <marc:subfield code="a">Tiergeschichten</marc:subfield>
   </marc:datafield>
   <marc:datafield ind1=" " ind2=" " tag="653">
      <marc:subfield code="a">Softcover / Kinder- und Jugendbücher/Vorlesebücher</marc:subfield>
   </marc:datafield>
   <marc:datafield ind1=" " ind2=" " tag="653">
      <marc:subfield code="a">Vorlesebücher</marc:subfield>
   </marc:datafield>
   <marc:datafield ind1="0" ind2="0" tag="245">
      <marc:subfield code="a">Das große goldene Buch der Tiergeschichten</marc:subfield>
   </marc:datafield>
   <marc:datafield ind1="0" ind2="0" tag="245">
      <marc:subfield code="c">Walt Disney</marc:subfield>
   </marc:datafield>
   <marc:datafield ind1=" " ind2="1" tag="264">
      <marc:subfield code="a">Hamburg</marc:subfield>
      <marc:subfield code="b">Carlsen</marc:subfield>
      <marc:subfield code="c">2022</marc:subfield>
   </marc:datafield>
   <marc:datafield ind1="1" ind2=" " tag="520">
      <marc:subfield code="a">Angaben aus der Verlagsmeldung

Disney: Das große goldene Buch der Tiergeschichten : Vorlesebuch mit 5-Minuten-Geschichten zu vielen verschiedenen Disney-Helden und -heldinnen / von Walt Disney

Dieser prächtige Sammelband mit Goldschnitt und edelster Ausstattung lässt die ganze Familie an zwanzig Tiergeschichten aus der Disney-Welt teilhaben. Gefühlvolle Texte mit angenehmer Länge sowie zauberhafte Illustrationen machen dieses Werk zum idealen Begleiter für gemütliche Lese- und Vorlesestunden. Und die liebenswerten Charaktere aus dem Dschungelbuch, Winnie Puuh, Nemo, 101 Dalmatiner und vielen weiteren Filmklassikern bringen kleinen und großen Lesern und Leserinnen Freude ...

Ein weiteres Band in der Bestseller-Reihe »Das große goldene Buch ...«.

Inhalt:

Schneewittchen:           Schneewittchens Wunschbrunnen

Vaiana:                        Der Weg zum Meer

Der König der Löwen:   Ein Tag mit dem Prinzen

101 Dalmatiner:            Patch als Meisterdetektiv

Aschenputtel:               Die neue Maus

Bambi:                         Spuren im Schnee

Die Eiskönigin:              Sven hat Geburtstag

Coco:                           Die Geschichte von Dante

Pinocchio:                    Figaros freier Tag

Winnie Puuh:               Puuh kümmert sich!

Ratatouille:                   Süße Träume

Peter Pan:                    Tierisches Versteckspiel mit Nana

Die Aristocats:              Der Geburtstagswunsch

Micky und Freunde:      Der perfekte Abend

Findet Dorie:                Wer braucht eine Umarmung?

Susi und Strolch:          Die Katze auf dem Baum

Rapunzel:                    Rapunzels Waldfreunde

Dumbo:                        Ein verschneiter Tag

Klopfer &amp; Freunde:       Ich hab euch lieb, meine Häschen

Arielle:                         Der Walgesang

</marc:subfield>
   </marc:datafield>
   <marc:datafield ind1=" " ind2=" " tag="020">
      <marc:subfield code="a">9783551280695</marc:subfield>
      <marc:subfield code="9">9783551280695</marc:subfield>
   </marc:datafield>
   <marc:datafield ind1=" " ind2=" " tag="020">
      <marc:subfield code="a">355128069X</marc:subfield>
      <marc:subfield code="9">355128069X</marc:subfield>
   </marc:datafield>
   <marc:datafield ind1=" " ind2=" " tag="300">
      <marc:subfield code="a">301 Seiten</marc:subfield>
   </marc:datafield>
</marc:record>
